| 000 | 00590nam a2200181 a 4500 | ||
|---|---|---|---|
| 001 | 2032218 | ||
| 003 | AM-YEHGA | ||
| 005 | 20251106110557.0 | ||
| 008 | 250919s1945 sy |||||||||||||||0|arm|d | ||
| 040 | _aAM-YEHGA | ||
| 041 | 0 | _aarm | |
| 100 | 1 | _aՍարեան, Ներսէս Ս. | |
| 245 | 1 | 0 |
_aՄիայն մէկ աւետարան : _b(Չկայ ուրիշ աւետարան) / _cՆերսէս Ս. Սարեան (Հովիւ՝ Աւետարանական Հայոց). |
| 260 |
_aԴամասկոս : _bտպ. Եիրիքեան, _c1945. |
||
| 300 | _a78 էջ | ||
| 650 | 1 | 4 | _aԿրոն |
| 942 |
_2udc _cBK |
||
| 999 |
_c537119 _d537119 |
||